LEADER 01310nam 2200385 450 001 990003074750203316 005 20080418163912.0 010 $a3-540-25439-0 035 $a000307475 035 $aUSA01000307475 035 $a(ALEPH)000307475USA01 035 $a000307475 100 $a20080305d2005----km-y0itay50------ba 101 $aeng 102 $aDE 105 $aa---||||001yy 200 1 $aTutorials in mathematical biosciencs II$emathematical modeling of calcium dynamics and signal transduction$fJames Sneyd (ed.)$gWith contributions by: R. Bertram, J.L. Greenstein...[et al.] 210 $aBerlin (etc.)$cSpringer$dcopyr. 2005 215 $aXII, 202 p.$cill.$d24 cm 225 2 $aLecture notes in mathematics$imathematical biosciences subseries$v1867 410 0$12001$aLecture notes in mathematics$v1867 606 0 $aBiomatematica 676 $a574.91 700 1$aSNEYD,$bJames$023218 702 1$aBERTRAM,$bRoger 702 1$aGREENSTEIN,$bJesse L. 801 0$aIT$bsalbc$gISBD 912 $a990003074750203316 951 $a510 LNM 1860$b32082/CBS$c510$d00112588 959 $aBK 969 $aSCI 979 $aANGELA$b90$c20080305$lUSA01$h1151 979 $aANGELA$b90$c20080418$lUSA01$h1639 996 $aTutorials in mathematical biosciencs II$91023364 997 $aUNISA LEADER 01323nam0 2200325 i 450 001 SUN0008579 005 20070924120000.0 010 $a88-86969-01-5 100 $a20020905d1996 |0itac50 ba 101 $aita 102 $aIT 105 $a|||| ||||| 200 1 $aGeopolitica e geostrategie delle droghe$fAlain Labrousse, Michel Koutouzis$gcartografia di Pascale Perez 210 $aTrieste$cAsterios$d1996 215 $a103 p.$d21 cm. 410 1$1001SUN0008494$12001 $aˆI ‰giorni del futuro$1210 $aTrieste$cAsterios. 517 1$3SUN0077643$aGopolitique et gostratgie des drogues 606 $aDroghe$xDiffusione$2FI$3SUNC005043 620 $dTrieste$3SUNL000685 676 $a363.45$v21 700 1$aLabrousse$b, Alain$3SUNV006881$0140026 701 1$aKoutouzis$b, Michel$3SUNV006882$0140027 702 1$aPerez$b, Pascale$3SUNV048248 712 $aAsterios$3SUNV002911$4650 801 $aIT$bSOL$c20181109$gRICA 912 $aSUN0008579 950 $aUFFICIO DI BIBLIOTECA DEL DIPARTIMENTO DI GIURISPRUDENZA$d00 CONS VIII.Eo.277 $e00 21216 995 $aUFFICIO DI BIBLIOTECA DEL DIPARTIMENTO DI GIURISPRUDENZA$h21216$kCONS VIII.Eo.277$op$qa 996 $aGeopolitica e geostrategie delle droghe$91438414 997 $aUNICAMPANIA